<?xml version="1.0" encoding="UTF-8"?>
<record
    xmlns:xsi="http://www.w3.org/2001/XMLSchema-instance"
    xsi:schemaLocation="http://www.loc.gov/MARC21/slim http://www.loc.gov/standards/marcxml/schema/MARC21slim.xsd"
    xmlns="http://www.loc.gov/MARC21/slim">

  <leader>00956nam a22002417a 4500</leader>
  <datafield tag="010" ind1=" " ind2=" ">
    <subfield code="a">A-551954</subfield>
  </datafield>
  <datafield tag="020" ind1=" " ind2=" ">
    <subfield code="a">8185267448</subfield>
    <subfield code="c">225.00</subfield>
  </datafield>
  <datafield tag="035" ind1=" " ind2=" ">
    <subfield code="a">A-551954</subfield>
  </datafield>
  <datafield tag="037" ind1=" " ind2=" ">
    <subfield code="a">Cen Lib / Ret</subfield>
  </datafield>
  <datafield tag="040" ind1=" " ind2=" ">
    <subfield code="a">DPL</subfield>
    <subfield code="b">PN</subfield>
  </datafield>
  <datafield tag="082" ind1=" " ind2=" ">
    <subfield code="a">920</subfield>
    <subfield code="b">&#xA17;&#xA3E;&#xA30;&#xA17;&#xA40; </subfield>
  </datafield>
  <datafield tag="100" ind1=" " ind2=" ">
    <subfield code="a">&#xA17;&#xA3E;&#xA30;&#xA17;&#xA40;, &#xA2C;&#xA32;&#xA35;&#xA70;&#xA24;</subfield>
    <subfield code="9">133524</subfield>
  </datafield>
  <datafield tag="245" ind1=" " ind2=" ">
    <subfield code="a">&#xA38;&#xA3C;&#xA30;&#xA2C;&#xA24; &#xA26;&#xA40;&#xA06;&#xA02; &#xA18;&#xA41;&#xA71;&#xA1F;&#xA3E;&#xA02; /</subfield>
    <subfield code="c">&#xA2C;&#xA32;&#xA35;&#xA70;&#xA24; &#xA17;&#xA3E;&#xA30;&#xA17;&#xA40; </subfield>
  </datafield>
  <datafield tag="246" ind1=" " ind2=" ">
    <subfield code="a">Sharbat Dian Ghuttan /</subfield>
    <subfield code="b">by Balwant Gargi </subfield>
  </datafield>
  <datafield tag="260" ind1=" " ind2=" ">
    <subfield code="a">&#xA26;&#xA3F;&#xA71;&#xA32;&#xA40; </subfield>
    <subfield code="b">&#xA28;&#xA35;&#xA1C;&#xA41;&#xA17; &#xA2A;&#xA2C;&#xA32;&#xA3F;&#xA38;&#xA3C;&#xA30;&#xA1C;&#xA3C; </subfield>
    <subfield code="c">1991</subfield>
  </datafield>
  <datafield tag="270" ind1=" " ind2=" ">
    <subfield code="a">&#xA1A;&#xA3E;&#xA02;&#xA26;&#xA28;&#xA40; &#xA1A;&#xA4B;&#xA15; </subfield>
    <subfield code="b">&#xA26;&#xA3F;&#xA71;&#xA32;&#xA40; </subfield>
  </datafield>
  <datafield tag="300" ind1=" " ind2=" ">
    <subfield code="a">440p ; </subfield>
    <subfield code="b">24cm</subfield>
  </datafield>
  <datafield tag="650" ind1=" " ind2=" ">
    <subfield code="a">&#xA32;&#xA47;&#xA16;&#xA15;, &#xA2A;&#xA70;&#xA1C;&#xA3E;&#xA2C;&#xA40; - 20 &#xA38;&#xA26;&#xA40; - &#xA1C;&#xA40;&#xA35;&#xA28;&#xA40;.</subfield>
    <subfield code="9">132062</subfield>
  </datafield>
  <datafield tag="650" ind1=" " ind2=" ">
    <subfield code="a">Authors, Panjabi -- 20th century -- Biography.</subfield>
    <subfield code="9">111460</subfield>
  </datafield>
  <datafield tag="650" ind1=" " ind2=" ">
    <subfield code="a">Authors, Panjabi.</subfield>
    <subfield code="9">111461</subfield>
  </datafield>
  <datafield tag="650" ind1=" " ind2=" ">
    <subfield code="a">&#xA32;&#xA47;&#xA16;&#xA15;, &#xA2A;&#xA70;&#xA1C;&#xA3E;&#xA2C;&#xA40;.</subfield>
    <subfield code="9">3679</subfield>
  </datafield>
  <datafield tag="942" ind1=" " ind2=" ">
    <subfield code="2">ddc</subfield>
    <subfield code="c">PN</subfield>
    <subfield code="h">920</subfield>
    <subfield code="m">&#xA17;&#xA3E;&#xA30;&#xA17;&#xA40; </subfield>
  </datafield>
  <datafield tag="999" ind1=" " ind2=" ">
    <subfield code="c">111129</subfield>
    <subfield code="d">111129</subfield>
  </datafield>
  <datafield tag="952" ind1=" " ind2=" ">
    <subfield code="0">0</subfield>
    <subfield code="1">0</subfield>
    <subfield code="4">0</subfield>
    <subfield code="7">0</subfield>
    <subfield code="a">L</subfield>
    <subfield code="b">L</subfield>
    <subfield code="d">2016-02-13</subfield>
    <subfield code="e">Cen Lib/Ret</subfield>
    <subfield code="g">225.00</subfield>
    <subfield code="l">0</subfield>
    <subfield code="o">920 &#xA17;&#xA3E;&#xA30;&#xA17;&#xA40;</subfield>
    <subfield code="p">A-551954</subfield>
    <subfield code="r">2016-02-13 00:00:00</subfield>
    <subfield code="t">1</subfield>
    <subfield code="v">225.00</subfield>
    <subfield code="w">2016-02-13</subfield>
    <subfield code="y">PN</subfield>
  </datafield>
</record>
